000 nam a22 7a 4500
999 _c9481
_d9481
008 180201b ||||| |||| 00| 0 eng d
100 _aOgra, R
_95676
245 _aTogether with Mathematics -V
260 _aNew Delhi
_bRachna Publication
_c2007